| 000 -LEADER |
| fixed length control field |
00833nam a2200301Ia 4500 |
| 001 - CONTROL NUMBER |
| control field |
18266 |
| 003 - CONTROL NUMBER IDENTIFIER |
| control field |
GE_BSU |
| 005 - DATE AND TIME OF LATEST TRANSACTION |
| control field |
20230313150422.0 |
| 008 - FIXED-LENGTH DATA ELEMENTS--GENERAL INFORMATION |
| fixed length control field |
181216s2010||||fr |||||||||||||| ||fre|| |
| 020 ## - INTERNATIONAL STANDARD BOOK NUMBER |
| International Standard Book Number |
9782011557971 |
| 040 ## - CATALOGING SOURCE |
| Transcribing agency |
GE_BSU |
| 041 ## - LANGUAGE CODE |
| Language code of text/sound track or separate title |
fre |
| 080 ## - UNIVERSAL DECIMAL CLASSIFICATION NUMBER |
| Universal Decimal Classification number |
811.133.1 G-94 |
| 100 ## - MAIN ENTRY--PERSONAL NAME |
| Personal name |
Guilloux, M. |
| 9 (RLIN) |
17188 |
| 245 ## - TITLE STATEMENT |
| Title |
Alter Ego C1>C2 : |
| Remainder of title |
Methode de Francais 5 / |
| Statement of responsibility, etc. |
M. Guilloux, Cecile Herry, Sylve Pons. |
| Medium |
|
| 260 ## - PUBLICATION, DISTRIBUTION, ETC. |
| Place of publication, distribution, etc. |
Paris |
| 260 ## - PUBLICATION, DISTRIBUTION, ETC. |
| Date of publication, distribution, etc. |
2010 |
| 264 ## - PRODUCTION, PUBLICATION, DISTRIBUTION, MANUFACTURE, AND COPYRIGHT NOTICE |
| Place of production, publication, distribution, manufacture |
Paris : |
| Name of producer, publisher, distributor, manufacturer |
Hachette, |
| Date of production, publication, distribution, manufacture, or copyright notice |
2010. |
| 300 ## - PHYSICAL DESCRIPTION |
| Extent |
216 p. ; |
| Dimensions |
29 sm. |
| Accompanying material |
+1CD mp3 |
| 653 ## - INDEX TERM--UNCONTROLLED |
| keyword |
Alter Ego |
| 653 ## - INDEX TERM--UNCONTROLLED |
| keyword |
Methode de Francais 5 |
| 653 ## - INDEX TERM--UNCONTROLLED |
| keyword |
გრამატიკა |
| 653 ## - INDEX TERM--UNCONTROLLED |
| keyword |
ფრანგული ენა |
| 700 ## - ADDED ENTRY--PERSONAL NAME |
| Personal name |
Herry, Cecile |
| Relator term |
by |
| 9 (RLIN) |
17189 |
| 700 ## - ADDED ENTRY--PERSONAL NAME |
| Personal name |
Pons, Sylve |
| Relator term |
by |
| 9 (RLIN) |
17190 |
| 942 ## - ADDED ENTRY ELEMENTS (KOHA) |
| Koha item type |
წიგნი |
| Source of classification or shelving scheme |
|